Probability and random pracy with applications for S.P. (Record no. 1269)

MARC details
000 -LEADER
fixed length control field 00421nam a22001577a 4500
005 - DATE AND TIME OF LATEST TRANSACTION
control field 20180518120508.0
008 - FIXED-LENGTH DATA ELEMENTS--GENERAL INFORMATION
fixed length control field 160521b xxu||||| |||| 00| 0 eng d
020 ## - INTERNATIONAL STANDARD BOOK NUMBER
ISBN 81780857-2
041 ## - LANGUAGE CODE
Language code of text/sound track or separate title eng
082 ## - DEWEY DECIMAL CLASSIFICATION NUMBER
Item number 3702
Classification number 519.2
100 ## - MAIN ENTRY--AUTHOR NAME
Personal name Henrry Stark AND John W, woody
245 ## - TITLE STATEMENT
Title Probability and random pracy with applications for S.P.
260 ## - PUBLICATION, DISTRIBUTION, ETC. (IMPRINT)
Name of publisher Pearsons
650 ## - SUBJECT ADDED ENTRY--TOPICAL TERM
Topical Term DIPLOMA ENGINEERING
942 ## - ADDED ENTRY ELEMENTS (KOHA)
Koha item type Books
Holdings
Lost status Damaged status Collection code Home library Current library Shelving location Date acquired Cost, normal purchase price Full call number Accession Number Koha item type
    MANAGEMENT JRU Library JRU Library SHELF-75-G 21/05/2016 375.00 519.2 3702 Books
    MANAGEMENT JRU Library JRU Library SHELF-75-G 21/05/2016 375.00 519.2 3703 Books
    Reference JRU Library   SHELF-30-C 21/05/2016 375.00 519.2 3704 Books